Objets par images #2 - Statistiques

Statistiques générales
  • Ce quiz a été pris 286 fois
  • Le résultat moyen est 17 sur 20
Statistiques - réponses
Par images Réponse % Correct
Cadeau
100%
Chapeau
100%
Pomme
98%
Voiture
97%
Cactus
95%
Eau
94%
Neige
91%
Plage
91%
Soleil
91%
Sucre
91%
Crayon
90%
Drapeau
90%
Télévision
84%
Carte
81%
Ancre
77%
Feutre
77%
Console
66%
Chocolat
57%
Parabole
50%
Olive
44%
Aucun quiz correspondant
Distribution des résultats
% des personnes avec chaque résultat
Percentile par nombre de réponses
Votre historique - résultats
Vous n’avez pas pris ce quiz